| 000 | 00885nam a22002177a 4500 | ||
|---|---|---|---|
| 005 | 20090606113151.0 | ||
| 008 | 090606t xxu||||| |||| 00| 0 eng d | ||
| 010 | _aENG-93918 | ||
| 020 |
_a9788177081633 _c580.00 |
||
| 035 | _aEN-77451 | ||
| 037 | _bDBAD / PUB | ||
| 040 |
_adpl _bEnglish |
||
| 082 | _a368.003 | ||
| 245 |
_aNew Century's dictionary of insurance / _cprepared by the Research Wing of New Century Publications |
||
| 260 |
_aNew Delhi _bNew Century Publications _c2008 |
||
| 270 |
_a4800/24, Bharat Ram Road, Ansari Road, Daryaganj _bNew Delhi _e110002 |
||
| 300 |
_axxiv, 242p. _c23cm(Hb) |
||
| 650 |
_aInsurance _xDictionaries |
||
| 942 |
_2ddc _cEN _mNEW _h368.003 |
||
| 999 |
_c27287 _d27287 |
||